| 000 | 00397nam a2200157Ia 4500 | ||
|---|---|---|---|
| 008 | 210719s2000 xx 000 0 und d | ||
| 041 | _aeng | ||
| 082 | _a370.92K NARH | ||
| 100 | _aNARASIMAHAYYA (Ech) | ||
| 245 | _aHoratada hadi. (athma kathe). | ||
| 260 |
_aBengaluru. _bNyational Kaleju., _c2000 |
||
| 300 |
_a452 _bPB |
||
| 365 |
_b70 _cRs |
||
| 650 | _aBiography | ||
| 906 | _aNarasimhayya | ||
| 999 |
_c213213 _d213213 |
||